Normal view
MARC view
- TELECOMMUNICATIONS - A BEGINNER'S GUIDE
Entry Topical Term
001 - CONTROL NUMBER
- control field: 63501
003 - CONTROL NUMBER IDENTIFIER
- control field: NUST
005 - DATE AND TIME OF LATEST TRANSACTION
- control field: 20210628203130.0
008 - FIXED-LENGTH DATA ELEMENTS
- fixed length control field: 210628|| aca||aabn | a|a d
040 ## - CATALOGING SOURCE
- Original cataloging agency: NUST
- Transcribing agency: NUST
150 ## - HEADING--TOPICAL TERM
- Topical term or geographic name entry element: TELECOMMUNICATIONS - A BEGINNER'S GUIDE
670 ## - SOURCE DATA FOUND
- Source citation: Work cat.: (NUST): Hill Associates 63500, Telecommunications , a beginner's guide, 2002
